| 000 | 00484nam a2200169 4500 | ||
|---|---|---|---|
| 001 | 107501 | ||
| 003 | ES-MaACL | ||
| 005 | 20230906184432.0 | ||
| 007 | t| | ||
| 008 | 061121s1967 sp r ||||1| spa d | ||
| 100 | 1 |
_aMoray, Neville. _983174 |
|
| 245 | 1 | 0 |
_aCibernética / _cNeville Moray; [traducción de Todoro Mendizábal]. |
| 260 |
_aBarcelona : _bHerder, _c1967. |
||
| 300 |
_a173 p. ; _c20. |
||
| 700 | 1 |
_aMendizábal, Teodoro. _980220 |
|
| 852 |
_aES-MaACL _jC-33826 _bR.64675 |
||
| 999 |
_c107501 _d107501 |
||